Les 20 pays les plus pauvres -PIB Habitants - Statistiques

Statistiques générales
  • Ce quiz a été pris 200 fois
  • Le résultat moyen est 11 sur 20
Statistiques - réponses
PIB Pays % Correct
422€ Somalie
79%
572€ République démocratique du Congo
76%
254€ Soudan du Sud
67%
816€ Mali
66%
525€ Nigeria
64%
506€ Erythrée
63%
702€ Tchad
63%
500€ Madagascar
58%
233€ Burundi
54%
460€ République Centrafricaine
54%
312€ Afghanistan
53%
811€ Burkina Faso
53%
753€ Guinée Bissau
53%
732€ Liberia
52%
629 Malawi
51%
529€ Mozambique
51%
463€ Sierra Leone
51%
467€ Syrie
49%
818€ Ouganda
47%
546€ Yemen
44%
Aucun quiz correspondant
Distribution des résultats
% des personnes avec chaque résultat
Percentile par nombre de réponses
Votre historique - résultats
Vous n’avez pas pris ce quiz